00642nam a2200193Ia 4500001000700000003000500007008004100012010001100053020001800064040000900082082001300091100003900104245013500143260006400278300001100342650003100353650002200384700004200406Z_5730CHAP220113s2006 xx 000 0 und d a168834 a970-722-514-9 cCHAP a636.4 S3 aSagarnaga Villegas, Leticia Myriam aPanorama económico de granjas porcinas representativas del estado de Guanajuato. 2002-2009 /cLeticia Myriam Sagarnaga Villegas aChapingo, Méx. :bUACH. Departamento de Zootecnia,c2006 a140 p. aGanado porcinoxGuanajuato aGranjas porcinas  aI. Cervantes Escoto, Fernando, Coaut.